000 01351nam a2200337Ia 4500
001 dia_5925
003 CHAP
005 20230608134839.0
008 220117s2000 xx 000 0 und d
010 _a177095
020 _a968-884-737-2
040 _cCHAP
082 _a338.187 M35 2000
100 _aMaldonado Simán, Ema
_9141174
245 _aEl TLCAN y la inocuidad alimentaria en la industria cárnica mexicana /
_c Ema Maldonado Simán y Myriam Sagarnaga Villegas
260 _aMéxico :
_b Universidad Autónoma Chapingo, Centro de Investigaciones Económicas, Sociales y Tecnológicas,
_c2000
300 _a28 p.
440 _aReporte de investigación ; 48
_9141175
503 _aD.
504 _aBibliografía: p. 24-26
590 _aHD9424.M4 M35 2000
650 _aFood safety
_9148470
650 _aInocuidad alimentaria
_958836
650 _aNorth American Free Trade Agreement (NAFTA) y en francés Accord de libre
_xéchange nord
_xaméricain (ALÉNA)
_xLivestock and meat industry
_9160186
650 _aTratado de Libre Comercio de América del Norte (TLCAN)
_xIndustria del ganado y de la carne
_9160187
700 _aSagarnaga Villegas, Myriam, coaut.
_9160188
901 _a338.187 M35 2000
902 _aM
905 _a5232272000 mx n 8223123322spa16
942 _cLIBRO
_2ddc
999 _c177095
_d177095